[Event "1st 3-0 Thu 12th Mar 2026"]
[Site "chess.com INT"]
[Date "2026.03.12"]
[Round "10"]
[White "Andreikin, D."]
[Black "Maghsoodloo, Parham"]
[Result "1-0"]
[WhiteElo "2710"]
[BlackElo "2708"]
[PlyCount "123"]
[EventDate "2026.03.12"]

1. c4 {Dautov,Rustem} e6 2. Nc3 d5 3. d4 c6 4. e3 Bd6 5. Bd2 ({RR} 5. Bd3 f5 6. g4 Nf6 7. gxf5 exf5 8. cxd5 cxd5 9. Qb3 Nc6) 5... Nf6 ({RR} 5... f5 6. g4 fxg4 ({RR} 6... Nh6 7. h3 Nd7 ({RR} 7... O-O 8. Qc2 Qe7 9. O-O-O dxc4 10. Bxc4 b5 11. Be2 Bb7 12. Nf3 Nd7 13. e4 b4 14. Na4 fxe4 15. Qxe4 Nf7) 8. Qe2 Qe7 9. O-O-O Rb8 10. Kb1 a5 11. Rc1 Bb4 12. a3 Bd6 13. Bg2 b6 14. cxd5 exd5 15. f3 Ra8 16. e4) ({RR} 6... Nf6 7. gxf5 exf5 8. cxd5 cxd5 9. Qb3) 7. Qxg4 Qe7 8. O-O-O Nf6 9. Qg2 O-O 10. Nf3 Nbd7 11. Rg1 Kh8 12. Bd3 dxc4 ({RR} 12... e5 13. cxd5 cxd5 14. Nh4 Nb6 15. dxe5 Bxe5 16. Bxh7) 13. Bxc4 e5 ({RR} 13... b5 14. Bxe6) 14. Bd3 Re8 15. Ng5 ({RR} 15. Nh4 Nf8) 15... Nf8 16. Bc4 g6 17. Nf7+ Kg7 18. dxe5 Bxe5 19. e4 Bxc3 20. Bxc3 {Kasimdzhanov,R (2690)-Tregubov,P (2620) New Delhi/Teheran 2000 CBM 081 [Dautov,Rustem] 1-0}) ({RR} 5... Nd7 6. Bd3 Nh6 7. e4 dxe4 8. Nxe4 Be7 9. Bxh6 gxh6 10. Qd2 Nf6 11. Ne2 Nxe4 12. Bxe4 Bd7 13. O-O-O Qc7 14. Qxh6 Rg8 15. Kb1 O-O-O 16. Qxh7 Rdf8 17. g3 Be8 18. Qh3 f5 19. Bc2 Rh8 20. Qg2 {Marin Ramirez,G (2149)-Patino Garcia,C (1997) Caracas 2018 0-1 (32)}) 6. c5 $146 ({RR} 6. Bd3 O-O 7. c5 Bc7 8. f4 b6 9. b4 a5 10. a3 Ba6 11. Bxa6 Nxa6 12. cxb6 Bxb6 13. b5 cxb5 14. Nxb5 Ne4 15. Nf3 Nc7 16. Rb1 Nxb5 17. Rxb5 Nd6 18. Rb1 a4 19. Bb4 Ba5 20. O-O Bxb4 {Lorscheid,G (2264)-Kunin,V (2525) Cappelle la Grande 2013 0-1 (32)}) 6... Bc7 7. f4 Nbd7 8. Nf3 h6 9. Bd3 g5 10. Ne5 gxf4 11. exf4 h5 12. O-O Qe7 13. Qf3 Rg8 14. Rae1 Ng4 15. h3 Ngf6 16. Re2 h4 17. Be1 Rh8 18. Kh1 Nh5 19. Ng6 fxg6 20. Bxg6+ Kd8 21. Bxh5 b6 22. f5 e5 23. f6 Qh7 24. Bg4 Ba6 25. f7 e4 26. Qe3 Bxe2 27. Nxe2 Qg7 28. Nf4 Nf8 29. Nh5 Rxh5 30. Bxh5 Bg3 31. Bxg3 Qxg3 32. Qh6 Kc7 33. b4 bxc5 34. bxc5 Rb8 35. Bg4 Rb2 36. Rg1 Rb8 37. Qd2 Kb7 38. Rb1+ Ka8 39. Rxb8+ Kxb8 40. Qb4+ Kc7 41. Qa5+ Kb7 42. Be2 Qc7 43. Ba6+ Kb8 44. Qb4+ Ka8 45. Qe1 Qg3 46. Qb1 Qb8 47. Qd1 Qg3 48. Be2 Qf4 49. Qa4 Kb7 50. Qb4+ Kc7 51. Qe1 Kd7 52. Bg4+ Ke7 53. Qxh4+ Qf6 54. Qg3 Qxd4 55. Qc7+ Kf6 56. Qd6+ Kg7 57. Qf4 Qa1+ 58. Kh2 Qf6 59. Qg3 Qxf7 60. Bh5+ Ng6 61. Qc3+ Qf6 62. Qe1 1-0

[Event "Titled Tue 26th Nov Early"]
[Site "chess.com INT"]
[Date "2024.11.26"]
[Round "7"]
[White "Nguyen Ngoc Truong Son"]
[Black "Le, Quang Liem"]
[Result "0-1"]
[WhiteElo "2646"]
[BlackElo "2739"]
[PlyCount "58"]
[EventDate "2024.11.26"]

1. d4 Nf6 2. c4 e6 3. Nc3 d5 4. cxd5 exd5 5. Bf4 c6 6. e3 Bf5 7. h3 ({RR} 7. f3 h5 8. Bd3 Bxd3 9. Qxd3 Na6 10. Nge2 Nc7 11. e4 dxe4 12. fxe4 Ne6 13. O-O Be7 14. h3 O-O 15. Rad1 Qb6 16. e5 Nd5 17. Nxd5 cxd5 18. Ng3 g6 19. Bh6 Qxb2 20. Bxf8 Rxf8 21. Rb1 Qxa2 {Sarana,A (2668)-Carlsen,M (2859) Almaty KAZ 2022 1-0}) 7... Nbd7 8. g4 Bg6 9. h4 $146 ({RR} 9. Bg2 Be7 10. h4 h6 11. f3 Nf8 12. Nge2 Ne6 13. Bg3 a6 14. Kf2 c5 15. Nf4 Nxf4 16. Bxf4 O-O 17. Be5 Nd7 18. Nxd5 Nxe5 19. dxe5 Bxh4+ 20. Kg1 c4 21. f4 Bd3 22. g5 hxg5 23. Qg4 f5 {Kosten,A (2510)-Naumann,A (2235) Germany 1995 ½-½ (48)}) ({RR} 9. Bd3 Ne4 10. Qc2 Nxc3 11. bxc3 Bxd3 12. Qxd3 Be7 13. Nf3 Nf6 14. a4 Ne4 15. Rb1 Qc8 16. c4 g5 17. Be5 f6 18. Bh2 h5 19. cxd5 cxd5 20. Nd2 Qc3 21. Qxc3 Nxc3 22. Rxb7 hxg4 23. hxg4 Bd6 {Kalogridis,A (2426)-Mehmed,E (2262) Belgrade SRB 2025 ½-½ (68)}) ({RR} 9. Nge2 Qb6 10. Qc1 Be4 11. Nxe4 Nxe4 12. f3 Qa5+ 13. Nc3 Nxc3 14. bxc3 Qa3 15. Qxa3 Bxa3 16. Rb1 b5 17. e4 Nb6 18. Bc7 dxe4 19. fxe4 Kd7 20. Bf4 Rhe8 21. Bg2 Bd6 22. Bxd6 Kxd6 23. e5+ Kd7 {Bogut,Z (2416)-Mufic,G (2288) Mali Losinj 2018 ½-½ (79)}) 9... h6 10. Bh3 Qb6 11. g5 Qxb2 12. Nge2 Bb4 13. Qc1 Qxc1+ 14. Rxc1 hxg5 15. hxg5 Ne4 16. f3 Nxc3 17. Nxc3 Bf5 18. Bg2 Rxh1+ 19. Bxh1 Nb6 20. e4 Be6 21. Bd2 Nc4 22. e5 Kd7 23. Bg2 Rh8 24. Bf1 Nxd2 25. Kxd2 Rh2+ 26. Be2 c5 27. a3 Ba5 28. Kd1 cxd4 29. Nb5 d3 0-1

[Event "Titled Tue 21st Jan Late"]
[Site "chess.com INT"]
[Date "2025.01.21"]
[Round "10"]
[White "Bluebaum, M."]
[Black "Anton Guijarro, D."]
[Result "1-0"]
[WhiteElo "2643"]
[BlackElo "2664"]
[PlyCount "121"]
[EventDate "2025.01.21"]

1. d4 d5 2. c4 e6 3. Nc3 Bb4 4. e3 Nf6 5. Bd2 O-O 6. Nf3 Nbd7 7. Rc1 c6 8. Bd3 Qe7 9. O-O dxc4 10. Bxc4 e5 11. Qc2 Bxc3 12. Bxc3 e4 13. Ne5 Nb6 14. Bb3 Be6 15. f3 Bxb3 16. Qxb3 Nbd5 17. Rce1 Rac8 $146 ({RR} 17... a5 18. a3 a4 19. Qc2 Nxc3 20. Qxc3 exf3 21. Rxf3 Ne4 22. Qd3 Ng5 23. Rff1 f6 24. Nf3 Ne4 25. Nd2 Nxd2 26. Qxd2 f5 27. Qc2 Qe6 28. e4 fxe4 29. Rxf8+ Rxf8 30. Qxe4 Qxe4 31. Rxe4 Rd8 32. Re7 {Bluebaum,M (2643)-Anton Guijarro,D (2664) chess.com INT 2025 0-1 (65)}) 18. Qc2 exf3 19. Rxf3 c5 20. Qf5 Qe6 21. e4 Qxf5 22. Rxf5 cxd4 23. Bxd4 Ne7 24. Rxf6 gxf6 25. Nd7 Rfd8 26. Nxf6+ Kg7 27. Nd5+ Kf8 28. Bf6 Nxd5 29. Bxd8 Rxd8 30. Rd1 Ke7 31. exd5 Kd6 32. Rd3 Rc8 33. Rh3 Rc1+ 34. Kf2 Rc2+ 35. Kf3 Rxb2 36. Rxh7 Rxa2 37. Rxf7 a5 38. Rxb7 Ra3+ 39. Ke4 Ra4+ 40. Kf3 Ra3+ 41. Kg4 Ra2 42. Kg3 Ra3+ 43. Kh4 Ra2 44. Kh3 Kxd5 45. g4 Kc6 46. Rb1 a4 47. g5 Kd5 48. Re1 Rc2 49. Kg3 a3 50. h4 a2 51. Kg4 Rb2 52. Ra1 Ke6 53. Kh5 Kf7 54. Kh6 Rb6+ 55. Kh7 Ra6 56. h5 Ra7 57. g6+ Kf6+ 58. Kh6 Kf5 59. g7 Ra8 60. Kh7 Ra7 61. Kh8 1-0

[Event "24th ch-EUR Indiv 2024"]
[Site "Petrovac MNE"]
[Date "2024.11.16"]
[Round "8.6"]
[White "Donchenko, Alexa"]
[Black "Chigaev, M."]
[Result "0-1"]
[WhiteElo "2617"]
[BlackElo "2605"]
[PlyCount "62"]
[EventDate "2024.11.08"]

1. c4 e6 2. Nc3 d5 3. d4 c6 4. e4 dxe4 5. Nxe4 Bb4+ 6. Bd2 Qxd4 7. Bxb4 Qxe4+ 8. Ne2 Nd7 9. Qd6 Qe5 10. Qd2 Ngf6 11. f3 ({RR} 11. O-O-O c5 12. Bc3 Ne4 13. Bxe5 Nxd2 14. Bxg7 Rg8 15. Rxd2 Rxg7 16. g3 Ne5 17. b3 Nf3 18. Rd3 Ne5 19. Rd2 Nf3 20. Rd3 Ne5 21. Rd2 {½-½ (21) Giri,A (2773)-Carlsen,M (2864) Oslo 2022}) ({RR} 11. O-O-O) 11... c5 12. Bc3 Qc7 13. g4 $146 ({RR} 13. O-O-O O-O 14. g4 e5 15. Ng3 Nb8 16. g5 Ne8 17. Bd3 Nc6 18. h4 Be6 19. Ne4 Rd8 20. Qe3 b6 21. Nf6+ gxf6 22. gxf6 Rxd3 23. Rxd3 Kh8 24. Rg1 Nd4 25. Rd2 Qd6 26. Rdg2 Nf5 27. Qxe5 Qxe5 {Pubantz,J (2260)-Mankel,L (2010) Willingen 2022 ½-½ (44)}) ({RR} 13. O-O-O O-O 14. g4 e5 15. Ng3 Nb8 16. g5 Ne8 17. Bd3 Nc6 18. h4 Be6 19. Ne4 Rd8 20. Qe3 b6 21. Nf6+ gxf6 22. gxf6 Rxd3 23. Rxd3 Kh8 24. Rg1 Nd4 25. Rd2 Qd6 26. Rdg2 Nf5 27. Qxe5 Qxe5 {Pubantz,J (2260)-Mankel,L (2010) Willingen 2022 ½-½ (44)}) 13... O-O 14. g5 Ne8 15. O-O-O b5 16. cxb5 a6 17. Nf4 axb5 18. Bxb5 Rxa2 19. Kb1 Qa7 20. Nh5 e5 21. Ng3 Nb6 22. Qe3 Be6 23. Bxe5 Nd5 24. Rxd5 Bxd5 25. Kc2 Nc7 26. Nf5 Nxb5 27. Nh6+ gxh6 28. gxh6 Ra6 29. Ra1 Bb3+ 30. Kd2 Qd7+ 31. Ke2 Rg6 0-1

[Event "Titled Tue 7th Jan Early"]
[Site "chess.com INT"]
[Date "2025.01.07"]
[Round "10"]
[White "Bluebaum, M."]
[Black "Anton Guijarro, D."]
[Result "1-0"]
[WhiteElo "2643"]
[BlackElo "2664"]
[PlyCount "115"]
[EventDate "2025.01.07"]

1. d4 d5 2. c4 e6 3. Nc3 Bb4 4. e3 Nf6 5. Bd2 O-O 6. Nf3 Nbd7 7. Rc1 c6 8. Bd3 dxc4 9. Bxc4 Qe7 10. O-O e5 11. Qc2 exd4 $146 ({RR} 11... Bd6 12. Ne4 Nxe4 13. Qxe4 Nf6 14. Qh4 e4 15. Ne5 Bxe5 16. dxe5 Qxe5 17. Bc3 Qf5 18. f3 Qg6 19. fxe4 Be6 20. Bxf6 gxf6 21. Rf3 {1-0 (21) Mattenberger,M (2159)-Schmider,N (2396) Basel SUI 2023}) ({RR} 11... Bd6 12. h3 Nb6 13. Bb3 h6 14. dxe5 Bxe5 15. Nxe5 Qxe5 16. f4 Qe7 17. f5 c5 18. Ne2 Bd7 19. Qxc5 Qxc5 20. Rxc5 Ne4 21. Rc2 Bb5 22. Bb4 Rfe8 23. Re1 a5 24. Bc5 Nxc5 25. Rxc5 Bc6 26. Nd4 {Lalith,B (2511)-Socko,B (2580) Graz AUT 2026 1-0 (42)}) ({RR} 11... Bxc3 12. Bxc3 e4 13. Ne5 Nb6 14. Bb3 Be6 15. f3 Bxb3 16. Qxb3 Nbd5 17. Rce1 Rac8 18. Qc2 exf3 19. Rxf3 c5 20. Qf5 Qe6 21. e4 Qxf5 22. Rxf5 cxd4 23. Bxd4 Ne7 24. Rxf6 gxf6 25. Nd7 Rfd8 26. Nxf6+ {Bluebaum,M (2643)-Anton Guijarro,D (2664) chess.com INT 2025 1-0 (61)}) ({RR} 11... Bxc3 12. bxc3 e4 13. Ne1 b5 14. Be2 Nb6 15. a4 Bg4 16. f3 Bf5 17. Qd1 Nxa4 18. c4 a6 19. Qb3 Qd7 20. Nc2 Nb6 21. cxb5 cxb5 22. d5 Nbxd5 23. Nd4 exf3 24. gxf3 Nf4 25. Rfd1 Be6 26. Qb2 {Oro,F (2447)-Yakubboev,N (2659) Wijk aan Zee NED 2025 0-1 (47)}) 12. exd4 Nb6 13. Rfe1 Qd8 14. Bb3 Bg4 15. Qd3 Bxf3 16. Qxf3 Qxd4 17. Bg5 Rfe8 18. h3 Bxc3 19. bxc3 Qd6 20. Rcd1 Rxe1+ 21. Rxe1 Nbd7 22. Rd1 Qe5 23. Be3 Nc5 24. Bd4 Qe7 25. Bc2 h6 26. Qf5 Ncd7 27. Bb3 Re8 28. Kh2 c5 29. Be3 Qe5+ 30. Qxe5 Rxe5 31. Ba4 Nb6 32. Rd8+ Kh7 33. Bc2+ g6 34. Rd6 Kg7 35. a4 Nc4 36. Bxh6+ Kxh6 37. Rxf6 Kg7 38. Rf4 Nd6 39. Bd3 f5 40. g4 Kf6 41. gxf5 gxf5 42. Rh4 Kg5 43. f4+ Kxh4 44. fxe5 Nc8 45. Bxf5 Ne7 46. Be4 b6 47. Kg2 a6 48. c4 Kg5 49. Kg3 Nf5+ 50. Bxf5 Kxf5 51. Kf3 Kxe5 52. Ke3 Kf5 53. h4 Kg4 54. Ke4 Kxh4 55. Kd5 Kg5 56. Kc6 Kf6 57. Kxb6 Ke7 58. Kxc5 1-0

[Event "87th Tata Steel Masters"]
[Site "Wijk aan Zee NED"]
[Date "2025.01.21"]
[Round "4.6"]
[White "Keymer, Vincent"]
[Black "Van Foreest, Jorden"]
[Result "1/2-1/2"]
[WhiteElo "2733"]
[BlackElo "2680"]
[PlyCount "115"]
[EventDate "2025.01.18"]

1. d4 d5 2. c4 e6 3. Nc3 Be7 4. cxd5 exd5 5. Bf4 Nf6 6. e3 Bf5 7. Nf3 c6 8. Nh4 Bg6 9. h3 Nbd7 10. Nxg6 hxg6 11. Bd3 Nf8 ({RR} 11... Nb6 12. Qc2 Bd6 13. O-O-O Bxf4 14. exf4 Qd6 15. Rde1+ Kf8 16. g3 Re8 17. Re5 Nfd7 18. Rxe8+ Kxe8 19. h4 Kd8 20. Qd2 Nf8 21. f5 gxf5 22. Qg5+ Qf6 23. Qxf6+ gxf6 24. Bxf5 Nc4 25. Ne2 Nd6 26. Bd3 {Erigaisi,A (2775)-Anand,V (2743) Jerusalem ISR 2025 1-0 (45)}) 12. Qb3 Qb6 13. Qc2 $146 ({RR} 13. O-O Ne6 14. Be5 Kf8 15. Qc2 Kg8 16. Rae1 Nd7 17. Bh2 Qd8 18. f4 Bd6 19. Kh1 Nf6 20. Qf2 a6 21. e4 dxe4 22. Nxe4 Bb4 23. Rd1 Nxd4 24. Ng5 Qd5 25. b3 b5 26. Bxg6 fxg6 27. Rxd4 Qc5 {Xu,M (2435)-Lou Yiping (2419) Daqing CHN 2026 ½-½ (42)}) 13... Ne6 14. Be5 O-O 15. O-O-O Rac8 16. Kb1 Rfd8 17. Be2 Nd7 18. Bg3 Nf6 19. Be5 Nd7 20. Bg3 Nf6 21. Bg4 c5 22. dxc5 Rxc5 23. Qb3 Qxb3 24. axb3 Nxg4 25. hxg4 d4 26. exd4 Nxd4 27. Rhe1 Ne6 28. f3 a6 29. Rxd8+ Bxd8 30. Rd1 Bc7 31. Bxc7 Rxc7 32. Nd5 Rc5 33. b4 Rc4 34. b3 Rd4 35. Rxd4 Nxd4 36. Kb2 Kf8 37. Kc3 Ne6 38. b5 axb5 39. Kb4 Nd4 40. Nc3 Ke7 41. Nxb5 Ne6 42. Ka5 Nf4 43. g3 Nd5 44. Na3 Kd6 45. Kb5 f5 46. Nc4+ Ke6 47. g5 f4 48. g4 Nc3+ 49. Kc5 Ne2 50. b4 Nc1 51. Nb2 Nb3+ 52. Kb6 Nd4 53. Kxb7 Kd5 54. Kc7 Nxf3 55. Nd3 Kc4 56. Nxf4 Nxg5 57. Nxg6 Kxb4 58. Kd7 1/2-1/2

[Event "FIDE Candidates 2026"]
[Site "Pegeia CYP"]
[Date "2026.04.14"]
[Round "13.1"]
[White "Giri, A."]
[Black "Sindarov, Javokhir"]
[Result "1/2-1/2"]
[WhiteElo "2753"]
[BlackElo "2745"]
[PlyCount "116"]
[EventDate "2026.03.29"]

1. d4 d5 2. c4 e6 3. Nc3 Be7 4. cxd5 exd5 5. Bf4 Nf6 6. e3 O-O 7. Bd3 c5 8. Nge2 Nc6 9. O-O Bg4 10. dxc5 Bxc5 11. h3 Bxe2 12. Nxe2 d4 ({RR} 12... Qb6 13. Ng3 g6 14. Rb1 Rad8 15. b4 Bd6 16. Bg5 Be7 17. b5 Ne5 18. Be2 d4 19. exd4 Rxd4 20. Qb3 Bc5 21. Rbd1 Rxd1 22. Qxd1 Re8 23. Qc1 Ned7 24. a4 Bd4 25. Qd2 Be5 26. a5 Qc5 27. Rc1 {Carlsen,M (2841)-Esipenko,A (2684) Bangkok THA 2026 1-0 (38)}) 13. e4 Re8 $146 ({RR} 13... Nd7 14. Rc1 a5 15. a3 Qb6 16. Qd2 a4 17. Ng3 Rac8 18. Rc2 Nce5 19. Bxe5 Nxe5 20. Rfc1 Rc6 21. f4 Nxd3 22. Qxd3 Rfc8 23. Kf1 Qb3 24. Ke2 b6 25. Qxb3 axb3 26. Rd2 g6 27. Kf3 Be7 28. Rxc6 {Mammadzada,G (2412)-Huseynova,L (2032) Baku AZE 2025 0-1 (34)}) ({RR} 13... Nd7 14. a3 Re8 15. Rc1 Rc8 16. b4 Bf8 17. Bb1 a5 18. Nxd4 axb4 19. axb4 Nxb4 20. Rxc8 Qxc8 21. Nf5 Ne5 22. Qb3 Qe6 23. Qg3 Nbc6 24. Rd1 Ng6 25. Bc7 b5 26. h4 Nge5 27. h5 g6 28. Rd5 {David,A (2528)-Mastrovasilis,A (2497) Paphos CYP 2023 ½-½ (31)}) 14. Ng3 Nd7 15. a3 Nde5 16. Bxe5 Nxe5 17. f4 Nxd3 18. Qxd3 Qb6 19. e5 Qa6 20. Qxa6 bxa6 21. Ne4 Bb6 22. Nd6 Re6 23. Nc4 f6 24. Rad1 fxe5 25. fxe5 Rd8 26. Rf4 d3+ 27. Kf1 Bc7 28. Re4 Rd5 29. Kf2 Bxe5 30. Rxe5 Rexe5 31. Nxe5 Rxe5 32. Rxd3 Rb5 33. b3 Kf7 34. a4 Rb7 35. Ke2 Ke6 36. Re3+ Kd6 37. Kd2 a5 38. Rg3 g6 39. Kc3 Rc7+ 40. Kb2 Rc5 41. h4 Re5 42. Rg4 Kc6 43. Rc4+ Kd6 44. g4 Re2+ 45. Ka3 h6 46. Rd4+ Kc6 47. Rf4 Rh2 48. g5 hxg5 49. Rf6+ Kb7 50. hxg5 Rg2 51. Rxg6 a6 52. Rg8 Ka7 53. Rg7+ Kb6 54. g6 Kc6 55. Ra7 Kb6 56. Rg7 Kc6 57. Ra7 Kb6 58. Rg7 Kc6 1/2-1/2

[Event "Titled Tue 7th Jan Late"]
[Site "chess.com INT"]
[Date "2025.01.07"]
[Round "11"]
[White "Bluebaum, M."]
[Black "Anton Guijarro, D."]
[Result "0-1"]
[WhiteElo "2643"]
[BlackElo "2664"]
[PlyCount "130"]
[EventDate "2025.01.07"]

1. d4 d5 2. c4 e6 3. Nc3 Bb4 4. e3 Nf6 5. Bd2 O-O 6. Nf3 Nbd7 7. Rc1 c6 8. Bd3 dxc4 9. Bxc4 Qe7 10. O-O e5 11. Qc2 Bxc3 12. Bxc3 e4 13. Ne5 Nb6 14. Bb3 Be6 15. f3 Bxb3 16. Qxb3 Nbd5 17. Rce1 a5 $146 ({RR} 17... Rac8 18. Qc2 exf3 19. Rxf3 c5 20. Qf5 Qe6 21. e4 Qxf5 22. Rxf5 cxd4 23. Bxd4 Ne7 24. Rxf6 gxf6 25. Nd7 Rfd8 26. Nxf6+ Kg7 27. Nd5+ Kf8 28. Bf6 Nxd5 29. Bxd8 Rxd8 30. Rd1 Ke7 31. exd5 Kd6 32. Rd3 {Bluebaum,M (2643)-Anton Guijarro,D (2664) chess.com INT 2025 1-0 (61)}) 18. a3 a4 19. Qc2 Nxc3 20. Qxc3 exf3 21. Rxf3 Ne4 22. Qd3 Ng5 23. Rff1 f6 24. Nf3 Ne4 25. Nd2 Nxd2 26. Qxd2 f5 27. Qc2 Qe6 28. e4 fxe4 29. Rxf8+ Rxf8 30. Qxe4 Qxe4 31. Rxe4 Rd8 32. Re7 b6 33. Rc7 Rxd4 34. Rxc6 Rd1+ 35. Kf2 Rd2+ 36. Kf3 Rxb2 37. h4 b5 38. Rb6 h5 39. g3 Kf7 40. Kf4 Rb3 41. g4 hxg4 42. Kxg4 Ke7 43. h5 Kd7 44. Rb7+ Kc6 45. Rxg7 Rxa3 46. h6 Ra1 47. Rg6+ Kb7 48. Rg5 Rg1+ 49. Kf5 Rh1 50. Kg6 Rxh6+ 51. Kxh6 Kb6 52. Rg3 b4 53. Kg5 a3 54. Kf4 a2 55. Rg1 b3 56. Ra1 Kc5 57. Ke3 Kb4 58. Kd2 Ka3 59. Rg1 b2 60. Rg3+ Kb4 61. Rg4+ Kc5 62. Rg5+ Kd6 63. Rg6+ Ke5 64. Rg5+ Kf6 65. Rb5 b1=Q 0-1

[Event "87th Tata Steel Masters"]
[Site "Wijk aan Zee NED"]
[Date "2025.02.01"]
[Round "12.4"]
[White "Van Foreest, Jorden"]
[Black "Gukesh, D."]
[Result "1/2-1/2"]
[WhiteElo "2680"]
[BlackElo "2777"]
[PlyCount "101"]
[EventDate "2025.01.18"]

1. d4 d5 2. c4 e6 3. Nc3 Be7 4. cxd5 exd5 5. Bf4 c6 6. e3 Bf5 7. Nge2 Nd7 8. Rc1 Ngf6 9. Ng3 Bg6 10. h4 h5 11. Be2 Qb6 $146 ({RR} 11... Nf8 12. Bg5 N6d7 13. Bxe7 Qxe7 14. Qb3 Nf6 15. Qa3 Qxa3 16. bxa3 N8d7 17. Kd2 Ke7 18. a4 Ne8 19. a5 Nd6 20. Na4 b5 21. Nb2 Nc4+ 22. Nxc4 bxc4 23. e4 Nf6 24. f3 Rab8 25. Rb1 dxe4 26. fxe4 {Brynell,S (2434)-Keinanen,T (2287) Vaxjo 2017 ½-½ (42)}) 12. Qd2 Ng4 13. Bg5 Bd6 14. Bf4 Be7 15. Bg5 Qd8 16. f3 Ngf6 17. O-O Nh7 18. Bxe7 Qxe7 19. f4 Qxh4 20. Qe1 f5 21. Nxh5 Qe7 22. Bf3 Bxh5 23. Bxh5+ Kf8 24. Nd1 Nb6 25. Bg6 Qe6 26. Qb4+ Kg8 27. Bxh7+ Rxh7 28. Rf3 Re8 29. Nf2 Nc4 30. Nd3 Rh4 31. Ne5 b5 32. Qc5 Qh6 33. Kf2 Re6 34. Rxc4 dxc4 35. Qxa7 Qf6 36. Rg3 Rh1 37. Nd7 Qd8 38. Ne5 Re7 39. Qa6 Rxe5 40. fxe5 f4 41. Rh3 fxe3+ 42. Ke2 Rb1 43. Qxc6 Rxb2+ 44. Kf3 Qf8+ 45. Ke4 Rf2 46. Qe6+ Rf7 47. Rxe3 Qa8+ 48. d5 Qxa2 49. Qc8+ Rf8 50. Qe6+ Rf7 51. Qc8+ 1/2-1/2

[Event "87th Tata Steel Masters"]
[Site "Wijk aan Zee NED"]
[Date "2025.01.24"]
[Round "6.3"]
[White "Sarana, A."]
[Black "Fedoseev, Vl3"]
[Result "1-0"]
[WhiteElo "2677"]
[BlackElo "2717"]
[PlyCount "89"]
[EventDate "2025.01.18"]

1. d4 {Stohl,Igor} d5 2. c4 e6 3. Nc3 Be7 4. cxd5 exd5 5. Bf4 c6 6. Qc2 ({RR} 6. e3 Bf5 7. g4 ({RR} 7. Nge2) ({RR} 7. Bd3 Bxd3 8. Qxd3 Nf6 9. Nge2 Nh5 10. Bxb8 Rxb8 11. f3 O-O 12. O-O f5 13. a3 a6 14. b4 Qd7 15. Rae1 Rbe8 16. Nc1 a5 17. bxa5 Bxa3 18. Nxd5 Bxc1 19. Nb6 Qe6 20. Rxc1 Qxe3+ 21. Qxe3 Rxe3) 7... Be6 8. h4 Nd7 9. g5 ({RR} 9. h5) ({RR} 9. Bg3) 9... h6 10. g6 Ngf6 ({RR} 10... fxg6 11. Bd3 Nf8 ({RR} 11... Bf7 12. Qc2 Nf8 13. Nf3) 12. Nf3 Bf5 13. Ne5 Nf6 14. Rg1 Ne4 ({RR} 14... Rg8) 15. Bxe4 Bxe4 ({RR} 15... dxe4 16. Qb3) 16. Nxe4 dxe4 17. Qb3 Qa5+ 18. Kf1 ({RR} 18. Ke2 Qa6+ 19. Kd1) 18... Qb5+ 19. Qxb5 cxb5 20. Rc1 Bxh4 21. Bh2 Bd8 ({RR} 21... h5 22. Rc7) 22. Rg4 Nd7 23. Rxg6 Bf6 24. Rc7 Nf8 25. Rg4) 11. gxf7+ Bxf7 12. Bd3 ({RR} 12. Nf3 Nh5) 12... Nh5 13. Be5 O-O 14. Qg4 Nhf6 15. Qg3 Nh5 16. Qg2 Nxe5 17. dxe5 Bb4 18. Nf3 d4 19. Nxd4 Nf4 20. exf4 Qxd4) 6... Nf6 7. h3 ({RR} 7. e3 Nh5 8. Be5 ({RR} 8. Bg3 Nd7 9. Bd3 g6 10. Nf3 O-O 11. Rb1 a5 12. a3 Re8 ({RR} 12... Nxg3 13. hxg3 Nf6) 13. Nxd5 cxd5 14. Bc7) 8... Nd7 9. Be2 ({RR} 9. Nf3 Nxe5 10. Nxe5 g6 11. Bd3 Ng7 12. O-O-O Bf5 13. g4 Bxd3 14. Nxd3 Qd7 15. h3 O-O-O 16. Kb1 Kb8 17. Rc1 Bd6 18. Na4 f5 19. Nac5 Qe7 20. gxf5 Nxf5 21. Qb3 Rhf8) 9... Nxe5 10. dxe5 g6 11. Bxh5 gxh5 12. O-O-O ({RR} 12. Nf3 f6 13. O-O ({RR} 13. e4 d4 14. exf6 Bxf6 15. O-O-O) 13... Bg4 14. exf6 Bxf6 15. Nd4 O-O 16. f3 Bd7 17. Rad1 Rc8 ({RR} 17... Qe7 18. Rfe1 Qg7) 18. Rfe1 Bg7 19. e4 c5 20. Nf5 Bxf5 21. exf5 d4 22. Qe4 ({RR} 22. Qb3+) 22... Qd7 23. g4 Rfe8 24. Qd5+ Qxd5 25. Nxd5 Rxe1+ 26. Rxe1 Rd8) ({RR} 12. Rd1 f6 13. exf6 Bxf6 14. Nge2 O-O ({RR} 14... Qe7 15. e4 d4 16. Nxd4 Qg7 17. Nde2 ({RR} 17. Nce2 Qxg2 18. Rg1 Qxh2 19. Qb3 Rf8 20. Ne6) 17... Qxg2 18. Rg1 Qxh2 19. Qb3 Rf8 20. f4 Bg4 21. Rxg4 hxg4 22. Qe6+ Be7 23. Rd7 Qh4+ 24. Kf1 Rf7 25. Rxb7 Kf8 26. Qxc6 Rd8) 15. O-O ({RR} 15. e4 Qb6 ({RR} 15... Bg4)) 15... Qe8 16. e4 dxe4 ({RR} 16... Qg6) 17. Nxe4 Bg7 18. N2c3 ({RR} 18. N2g3) 18... Bf5 19. Qb3+ Qe6 20. Qxe6+ Bxe6 21. Rd6 Rae8 22. Re1 b5 23. a3 a5 24. h4 b4 25. axb4 axb4 26. Na4 Bd5)) ({RR} 7. Nf3 g6 8. e3 Bf5 9. Bd3 Bxd3 10. Qxd3 Nbd7 11. O-O O-O 12. h3 Re8 13. Rab1 a5 14. Rfc1 Nb6 ({RR} 14... Bf8) 15. Nd2 Nh5 16. Bh2 Bd6 17. Bxd6 Qxd6 18. a3 Nf6 19. b4 Nfd7 20. bxa5 Rxa5 21. a4 Ra7) 7... Qa5 ({RR} 7... g6 8. e3 Bf5 9. Qd2 ({RR} 9. Bd3 Bxd3 10. Qxd3 O-O) 9... h5 ({RR} 9... Ne4 10. Nxe4 Bxe4 11. f3 ({RR} 11. Ne2 Bd6 12. f3 Bf5 13. O-O-O) 11... Bf5 12. O-O-O a5) ({RR} 9... O-O 10. g4 Be6 11. Bd3 c5 12. Nge2) 10. Bd3 Bxd3 11. Qxd3 Nbd7 ({RR} 11... Bd6 12. Nf3) 12. Nge2 a5 ({RR} 12... O-O 13. O-O-O ({RR} 13. O-O Re8 14. f3)) 13. O-O O-O 14. f3 b5 ({RR} 14... Re8 15. e4 Nf8) ({RR} 14... h4 15. e4 Nb6) 15. e4 dxe4 16. fxe4 Nc5 17. Qf3 ({RR} 17. Qe3 Ne6 18. Bh6 Re8 19. Rad1) 17... Ne6 ({RR} 17... b4 18. e5 ({RR} 18. dxc5 bxc3 ({RR} 18... Bxc5+ 19. Kh1 bxc3 20. Bg5 ({RR} 20. Rad1 Nd7 21. Qxc3)) 19. Rad1 Qe8 20. Nxc3 Bxc5+ 21. Kh1) 18... Nh7 19. dxc5) 18. Be3 ({RR} 18. Rad1 Nxf4 19. Nxf4) 18... b4 ({RR} 18... Nh7 19. e5 ({RR} 19. Bf2) 19... Rc8) 19. Nb1 ({RR} 19. Na4) 19... Nh7 20. Nd2 Rc8 ({RR} 20... Nhg5 21. Qg3 ({RR} 21. Qf2 f5) 21... Nh7 22. Nc4 ({RR} 22. Qf2 Bh4 23. g3 Bg5 24. Rac1) 22... Bh4 23. Qf3 Nhg5 24. Bxg5 Bxg5 25. Rad1) ({RR} 20... f5 21. exf5 Rxf5 22. Qxc6) ({RR} 20... Bh4) 21. Rad1 Bh4 22. g3 {Carlsen,M (2835)-Aronian,L (2805) Wijk aan Zee 2012 CBM 147 [Stohl,Igor] 1-0 (68)} {RR} Bg5 23. Nc4 Bxe3+ ({RR} 23... h4) 24. Qxe3 Qg5) ({RR} 7... Na6 8. e3 Nb4 9. Qb1 g6 10. g4 h5 11. a3 Na6 12. Bxa6 bxa6 13. g5 Nh7 14. Be5 O-O 15. f4 Bf5 16. Qa2 f6 17. gxf6 Nxf6 18. Nge2 Ne4 19. Nxe4 Bxe4 20. Rg1 Qd7) ({RR} 7... O-O 8. e3 Nbd7 ({RR} 8... Bd6 9. Bxd6 Qxd6 10. Bd3 Be6 11. Nge2 Re8 12. g4 g6 13. Ng3 Na6 14. Bxa6 bxa6 15. g5 Nd7 16. Kf1 c5 17. Rd1 f5 18. Nge2 c4 19. Nf4 Bf7 20. h4 Nb6 21. Kg2 Rab8 22. Rh3 Qe7 23. Rdh1) 9. Nf3 Re8 ({RR} 9... g6 10. Bd3 Nh5 11. Bh2 Ng7 12. O-O Nb6) 10. Bd3 Nf8 11. O-O Ne6 12. Bh2 g6 13. Rab1 Ng7 14. b4 a6 15. Na4 Bf5 16. Nc5 Bxd3 17. Qxd3 Ra7 18. a4 Nf5 19. Rfc1 Ne4 20. Nxe4 dxe4 21. Qxe4 Bxb4 22. Qd3) ({RR} 7... Be6 8. e3 Nbd7 9. Nf3 h6 10. Bd3 Rc8 11. Bh2 a6 12. O-O O-O 13. a3 a5 14. Rae1 c5 15. Qd2 c4 16. Bb1 Re8 17. Ne5 Nxe5 18. dxe5 Nh7 19. Rd1 Rc5 20. f4 f5 21. g4) ({RR} 7... Nbd7 8. e3 Nf8 9. Nf3 Ne6 10. Bh2 O-O 11. Bd3 c5 12. dxc5 Nxc5 13. O-O Be6 14. Rad1 Rc8 15. Qb1 Qb6 16. Rd2 Nxd3 17. Qxd3 Bb4 18. Be5 Ne4 19. Rc2 Bxc3 20. Bxc3 Nxc3 21. bxc3 Bd7 22. Nd4 {Alonso Vargas,D (2157)-Castellanos Gomez,A (2298) Benasque ESP 2026 0-1 (64)}) 8. e3 ({RR} 8. Nf3 Ne4 9. Bd2 Nxd2 10. Nxd2 g6 11. e3 Bf5 12. Bd3 Bxd3 13. Qxd3 Qd8 14. O-O Nd7 15. Rfc1 O-O 16. Rab1 a5 17. Na4 Nb6 18. Nxb6 Qxb6 19. Nb3 a4) 8... Ne4 9. Bd3 ({RR} 9. a3 Bf5 10. Bd3 Na6 11. Rc1 Nxc3 12. Qxc3 Qxc3+ 13. Rxc3 Bxd3 14. Rxd3 O-O-O 15. Nf3 Nc7 16. Ke2 Bd6 17. Bxd6 Rxd6 18. Ne5 Rf8 19. Rc3 Nb5 20. Rc2 Re6 21. Kf3 Nd6) 9... Na6 $146 ({RR} 9... Bf5 10. a3 Na6 11. Ra2 Nxc3 12. bxc3 Bxd3 13. Qxd3 Nb8 14. Nf3 Nd7 15. O-O O-O 16. c4 dxc4 17. Qxc4 Nb6 18. Qb3 c5 19. dxc5 Bxc5 20. a4 Rac8 21. Be5 Bb4 22. Rb1 Bc3 23. Qb5 Qxb5 24. axb5 {Bluebaum,M (2618)-Meier,G (2636) Magdeburg 2019 ½-½ (33)}) 10. Qa4 Qb6 11. Qb3 Bf5 12. Bxe4 dxe4 13. Nge2 Nb4 14. O-O O-O 15. Qd1 Bg6 16. Bg3 f5 17. Nf4 Bf7 18. a3 Na6 19. b4 Qd8 20. d5 Qc8 21. Rc1 Rd8 22. Qa4 c5 23. Rfd1 cxb4 24. Nb5 Bc5 25. axb4 Nxb4 26. Bh4 Rd7 27. Nxa7 Qe8 28. Rxc5 Na6 29. Rcc1 Rxa7 30. d6 h6 31. Be7 b5 32. Qxb5 Rxe7 33. Qxe8+ Rxe8 34. d7 Nc7 35. d8=Q Rxd8 36. Rxd8+ Ne8 37. h4 Kh7 38. Ne6 Kg6 39. Nf4+ Kf6 40. Rcc8 g5 41. hxg5+ hxg5 42. Nd5+ Bxd5 43. Rxd5 Ke6 44. Rcc5 Nd6 45. g4 1-0